|
|
|
|
| LEADER |
00595cam a2200181 7i4500 |
| 001 |
0000004128 |
| 005 |
19991025090000.0 |
| 002 |
##000005578 |
| 020 |
0 |
0 |
|a 0-8133-8528-8
|
| 090 |
0 |
0 |
|a THAI 338.9593
|b LAO
|
| 100 |
0 |
0 |
|a Anek Laothamatas
|
| 245 |
0 |
0 |
|a Business associations and the new political economy of Thailand :
|b from bereaucratic polity to liberal corporatism.
|
| 260 |
0 |
0 |
|a Boulder:
|b Westview Press,
|c 1992.
|
| 300 |
0 |
0 |
|a 202 p..
|
| 500 |
0 |
0 |
|a Includes index
|
| 650 |
0 |
0 |
|a Business and politics --
|x Thailand
|
| 651 |
0 |
0 |
|a Thailand
|
| 999 |
|
|
|a 0000006624
|b Book
|c Open shelf
|e Business Information Centre
|